000 03189cam a22011894i 4500
003 PE-LiUPU
005 20250813185414.0
008 180117s2013 ck r 000 0 spa d
020 _a9789588695686
035 _a(Sirsi) a241056
082 0 4 _a373.32
_bB96
_220
100 1 _aBustamante Gutíerrez, Carlos Alfonso,
_eautor.
245 _aDimensiones que configuran lo humano en la educación y la educación física /
_cCarlos Alfonso Bustamante Gutierrez, Juan Carlos Sánchez Muñoz.
250 _aPrimera edición.
264 1 _aArmenia, Colombia :
_bKinesis,
_c2013.
300 _a204 páginas :
_bilustraciones ;
_c21 centímetros.
336 _atext
_2rdacontent
337 _aunmediated
_2rdamedia
338 _avolume
_2rdacarrier
504 _aBibliografía: páginas 199-204.
505 0 _aDimensiones básicas del desarrollo humano en la educación física -- Dimensiones especiales del desarrollo humano en la educación física -- Educación física: formación con desarrollo humano -- Hacia una educación física universitaria emergente.
526 _aP202
526 _aP201
526 _aP163
526 _aP162
526 _aP161
526 _aP160
526 _aP148
526 _aP147
526 _aP146
526 _aP145
526 _aP144
526 _aP143
526 _aP142
526 _aP141
526 _aP140
526 _aP139
526 _aP138
526 _aP137
526 _aP136
526 _aP135
526 _aP134
526 _aP133
526 _aP129
526 _aP128
526 _aP127
526 _aP120
526 _aP119
526 _aP118
526 _aP116
526 _aP115
526 _aP114
526 _aP110
526 _aP109
526 _aP108
526 _aP104
526 _aP103
526 _aP102
526 _aP99
526 _aP98
526 _aP97
526 _aP96
526 _aP95
526 _aP93
526 _aP90
526 _aP89
526 _aP88
526 _aP83
526 _aP82
526 _aP62
526 _aP59
526 _aP58
526 _aP57
526 _aP51
526 _aP49
526 _aP48
526 _aP47
526 _aP29
526 _aP24
526 _aP20
526 _aP19
526 _aP17
526 _aP15
526 _aP14
526 _aP12
526 _aP10
526 _aP09
526 _aP08
526 _aP07
526 _aP06
526 _aP05
526 _aP04
526 _aP01
541 _g001-003492;
650 0 4 _aEducación física.
650 0 4 _aPhysical education.
910 _adbm
_bebj
_cebj
_d20180117
596 _a1
942 _2ddc
_cBOOK
999 _a373.32 B96
_wDEWEY
_c26699
_i78221
_f2021-11-8
_g4
_lCCODEBUL1
_mBUL
_p34.87
_r0
_sY
_tBOOK
_u2018-1-17
_xEDUCACION
_PP12
_0COMPRA
_o.STAFF. Colección Ciencias Humanas y Educación
_d26699
999 _a373.32 B96
_wDEWEY
_c2
_i78222
_f2021-11-8
_g4
_lCCODEBUL1
_mBUL
_p34.87
_r0
_sY
_tBOOK
_u2018-1-17
_xEDUCACION
_PP12
_0COMPRA
_o.STAFF. Colección Ciencias Humanas y Educación
980 _81
_gALBERTO SANCHEZ Responsable de Automatización